Bodas de sangre / (Registro nro. 764)
[ vista simple ]
| 000 -CABECERA | |
|---|---|
| fixed length control field | 00873nam a2200265 a 4500 |
| 003 - CONTROL NUMBER IDENTIFIER | |
| control field | AR-BeUNQ |
| 005 - FECHA Y HORA DE LA ULTIMA TRANSACCION | |
| control field | 20230302202256.0 |
| 007 - CAMPO FIJO DE DESCRIPCION FIJA - INFORMACION GENERAL | |
| fixed length control field | ta |
| 008 - ELEMENTOS DE LONGITUD FIJA-INFORMACION GENERAL | |
| fixed length control field | 221129s2011 ag a 000 0 spa d |
| 020 ## - NUMERO INTERNACIONAL NORMALIZADO PARA LIBROS | |
| Número Internacional Normalizado del libro | 9789871652402 |
| 040 ## - FUENTE DE CATALOGACION | |
| Agencia de catalogación original | AR-BeUNQ |
| Idioma de catalogación | ESPAÑOL |
| Agencia que realiza la transcripción | AR-BeUNQ |
| Convenciones de la descripción | aacr |
| 082 04 - NUMERO DE CLASIFICACION DECIMAL DEWEYMBER | |
| Número de la edición | Es862 |
| Número de clasificación | 21 |
| 100 1# - ASIENTO PRINCIPAL-NOMBRE PERSONAL | |
| 9 (RLIN) | 3627 |
| Nombre personal | García Lorca, Federico, |
| Fecha asociada al nombre | 1898-1936 |
| 245 10 - MENCION DE TITULO | |
| Título | Bodas de sangre / |
| Mención de responsabilidad, etc | Federico García Lorca |
| 250 ## - MENCION DE EDICION | |
| Mención de edición | 1a ed. |
| 260 ## - PUBLICACION, DISTRIBUCION, ETC. | |
| Lugar de publicación, distribución, etc. | Buenos Aires : |
| Nombre del editor, distribuidor, etc. | Estación Mandioca, |
| Fecha de publicación, distribución, etc | 2011 |
| 300 ## - DESCRIPCION FISICA | |
| Extensión | 95 p. : |
| Otros detalles físicos | il. ; |
| Dimensiones | 19 cm. |
| 650 #7 - ASIENTO SECUNDARIO DE MATERIA - TERMINO TEMATICO | |
| Término temático o nombre geográfico como elemento de entrada | Literatura (Arte) |
| Fuente del encabezamiento o términ | spines |
| 651 #7 - ASIENTO SECUNDARIO DE MATERIA - NOMBRE GEOGRAFICO | |
| Nombre geográfico | España |
| Fuente del encabezamiento o término | spines |
| 655 #7 - TERMINO DE INDIZACION - GENERO/FORMA | |
| Datos o término principal de género/forma | Teatro |
| Fuente del encabezamiento o término de indización | toit |
| 929 ## - DATOS DE ADQUISICION | |
| Procedencia | COMPRA |
| Proveedor | Estación Mandioca |
| Precio | 880 |
| Fecha de recibido | 20221120 |
| Patrimonio UNQ | PAT0079063 |
| Es copia | 1 |
| Número de inventario | 60169 |
| 929 ## - DATOS DE ADQUISICION | |
| Procedencia | COMPRA |
| Proveedor | Estación Mandioca |
| Precio | 880 |
| Fecha de recibido | 20221120 |
| Patrimonio UNQ | PAT0079064 |
| Es copia | 2 |
| Número de inventario | 60170 |
| 929 ## - DATOS DE ADQUISICION | |
| Procedencia | COMPRA |
| Proveedor | Estación Mandioca |
| Precio | 880 |
| Fecha de recibido | 20221120 |
| Patrimonio UNQ | PAT0079065 |
| Fecha de baja | 3 |
| Número de inventario | 60171 |
| 942 ## - ELEMENTOS DE PUNTO DE ACCESO ADICIONAL (KOHA) | |
| Tipo de ítem Koha | Libros |
| Suppress in OPAC | 1 |
| Estado de retiro | Estado de pérdida | Ubicación permanente | Ubicación actual | Ubicación en estantería | Fecha de ingreso | Total Checkouts | Signatura topográfica completa | Inventario | Date last seen | Número de copia | Tipo de ítem Koha |
|---|---|---|---|---|---|---|---|---|---|---|---|
| Biblioteca ESET - UNQ | Biblioteca ESET - UNQ | CIRCULACION | 29/11/2022 | Es 862 GAR | 60169 | 02/03/2023 | 1 | Libros | |||
| Biblioteca ESET - UNQ | Biblioteca ESET - UNQ | CIRCULACION | 29/11/2022 | Es 862 GAR | 60170 | 02/03/2023 | 2 | Libros | |||
| Biblioteca ESET - UNQ | Biblioteca ESET - UNQ | CIRCULACION | 29/11/2022 | Es 862 GAR | 60171 | 02/03/2023 | 3 | Libros |